00749nam a22002177a 450000500170000001000130001702000220003003500130005203700160006504000120008108200150009324501500010826000470025827000630030530000210036865000400038965000360042970000190046570000240048470000230050820170124110243.0 aB-097651 c60.00a8182230624 aB-097651 bCen Lib/Ret aDPLbEN a483.4bELE aElementary school 21st century dictionary :ccompiled by M. Raza-Ul-Haq, Khawaja Ejaz Easool [and] M. Saqlain Bhattibenglish into english Urdu / aDelhibEducational Publishing House c2004 bDelhia3108, Vakil Street, Kucha Pandit, Lal Kaun e110006 a509p. c17m(pbk) aEnglish to English -- dictionaries  aEnglish to Urdu --dictionaries  aM. Raza-Ul-Haq aKhawaja Ejaz Easool aBhatti, M. Saqlain